000 00685nam a2200181Ia 4500
003 GCL
008 140319s9999 xx 000 0 ara d
020 _a5543215977
040 _aGCL /
_cGCL
082 0 4 _a306.36
_bك ع
100 1 _aكمال عبدالحميد الزيات
245 1 0 _aالعمل وعلم الاجتماع المهنى :
_bالاسس النظرية والمنهجية /
_cكمال عبدالحميد الزيات
260 _aالقاهرة :
_bدار غريب للطباعة والنشر والتوزيع ،
_c2001
300 _a280 ص ؛
_c24 سم
650 0 4 _aالعمل والعمال
650 0 4 _aعلم الاجتماع المهنى
942 _2ddc
_cBK
999 _c7895
_d7895